Чистенькая жизнь: повести и рассказы; Предлагаемые обстоятельства; Ловля майских жуков; Чистенькая жизнь; Выбор за мной; Звонкое имя; Веницианские зеркала; Придет понедельник; Домохозяйка; Говори, Мария !; Ассерокс; У всех дети как дети; Нитка рябиновых бус; Смотровая плщадка; Огонь и пыль; Самая любимая; Казачий суд; Дом без хозяйки; Лед; Делос; Живи, мама хорошо!

Detaylı Bibliyografya
Diğer Yazarlar: Шавкута А. (составитель), Флерова Е. Н. (иллюстратор)
Özet:В сборник молодой женской прозы вошли повести и рассказы, объединенные темой социального и нравственного становления женщины в современном обществе, ее судьбы, осознания цели своего существования.
Dil:Rusça
Baskı/Yayın Bilgisi: Москва, Молодая гвардия, 1990
TOC:И. Полянская, Предлагаемые обстоятельства;
М. Карпова, Ловля майских жуков;
М. Кретова, Чистенькая жизнь;
А. Мхеидзе, Выбор за мной;
С. Василенко, Звонкое имя;
Л. Ванеева, Веницианские зеркала;
Т. Тайганова, Придет понедельник;
Т. Набатникова, Домохозяйка; Говори, Мария !;
Р. Мустонен, Ассерокс;
В. Соловьева, У всех дети как дети;
Н. Моловцева, Нитка рябиновых бус;
Л. С. Петрушевская, Смотровая плщадка;
Т. Н. Толстая, Огонь и пыль; Самая любимая;
Н. Горланова, Казачий суд;
Е. Полуян, Дом без хозяйки;
Л. Тараканова, Лед;
Н. Суханова, Делос;
Л. Миронихина, Живи, мама хорошо!;
Seri Bilgileri:Молодая женская проза
Konular:
Materyal Türü: Kitap
KOHA link:https://koha.lib.tpu.ru/cgi-bin/koha/opac-detail.pl?biblionumber=152777

MARC

LEADER 00000nam0a2200000 4500
001 152777
005 20231031151133.0
010 |a 5235009355 
020 |a RU  |b 90-2523 
035 |a (RuTPU)RU\TPU\book\165641 
090 |a 152777 
100 |a 20090205d1990 m y0rusy5003 ca 
101 0 |a rus 
102 |a RU 
105 |a a z 000ay 
200 1 |a Чистенькая жизнь  |e повести и рассказы   |f сост. А. Шавкута ; худож. Е. Н. Флерова 
210 |a Москва  |c Молодая гвардия  |d 1990 
215 |a 400 с.  |c ил.  |d 21 см 
225 1 |a Молодая женская проза 
320 |a Вступительная статья: с. 3 
330 |a В сборник молодой женской прозы вошли повести и рассказы, объединенные темой социального и нравственного становления женщины в современном обществе, ее судьбы, осознания цели своего существования. 
464 |t Предлагаемые обстоятельства  |o повесть  |f И. Полянская 
464 |t Ловля майских жуков  |o рассказ  |f М. Карпова 
464 |t Чистенькая жизнь  |o рассказ  |f М. Кретова 
464 |t Выбор за мной  |o рассказ  |f А. Мхеидзе 
464 |t Звонкое имя  |o рассказ  |f С. Василенко 
464 |t Веницианские зеркала  |o рассказ  |f Л. Ванеева 
464 |t Придет понедельник  |o рассказ  |f Т. Тайганова 
464 |t Домохозяйка; Говори, Мария !  |o рассказы  |f Т. Набатникова 
464 |t Ассерокс  |o рассказ  |f Р. Мустонен 
464 |t У всех дети как дети  |o рассказ  |f В. Соловьева 
464 |t Нитка рябиновых бус  |o рассказ  |f Н. Моловцева 
464 |t Смотровая плщадка  |o рассказ  |f Л. С. Петрушевская 
464 |t Огонь и пыль; Самая любимая  |o рассказы  |f Т. Н. Толстая 
464 |t Казачий суд  |o рассказ  |f Н. Горланова 
464 |t Дом без хозяйки  |o рассказ  |f Е. Полуян 
464 |t Лед  |o рассказ  |f Л. Тараканова 
464 |t Делос  |o рассказ  |f Н. Суханова 
464 |t Живи, мама хорошо!  |o повесть  |f Л. Миронихина 
610 1 |a советская литература 
610 1 |a повести 
610 1 |a рассказы 
610 1 |a женская проза 
675 |a Р2  |z rus 
702 1 |a Шавкута  |b А.  |4 220 
702 1 |a Флерова  |b Е. Н.  |4 440 
801 0 |a RU  |b RuMRKP  |c 19950417  |g psbo 
801 1 |a RU  |b 63413507  |c 20090205  |g PSBO 
801 2 |a RU  |b 63413507  |c 20180426  |g PSBO 
942 |c BK